Sports Quiz

Random Sports or Hockey Quiz

NHL: Detroit Red Wings Career Playoff Leaders Quiz Stats

 Plays Quiz not verified by Sporcle

Score 0/81 Timer 08:00
0 Plays Today
Category Red Wings % Correct
Playoff GamesNicklas Lidström
100%
Playoff GamesSteve Yzerman
100%
Playoff GoalsSteve Yzerman
100%
Playoff GoalsNicklas Lidström
100%
Playoff AssistsSteve Yzerman
100%
Playoff AssistsNicklas Lidström
100%
Playoff PointsSteve Yzerman
100%
Playoff PointsNicklas Lidström
100%
Playoff Plus/MinusNicklas Lidström
100%
Playoff GamesPavel Datsyuk
97.3%
Playoff GamesGordie Howe
97.3%
Playoff GoalsGordie Howe
97.3%
Playoff GoalsPavel Datsyuk
97.3%
Playoff AssistsGordie Howe
97.3%
Playoff AssistsPavel Datsyuk
97.3%
Playoff PointsGordie Howe
97.3%
Playoff PointsPavel Datsyuk
97.3%
Playoff Plus/MinusPavel Datsyuk
97.3%
Playoff Penalty MinutesGordie Howe
97.3%
Playoff Goalie WinsChris Osgood
96%
Playoff Goals Against AverageChris Osgood
96%
Playoff GamesHenrik Zetterberg
94.7%
Playoff GoalsHenrik Zetterberg
94.7%
Playoff AssistsHenrik Zetterberg
94.7%
Playoff PointsHenrik Zetterberg
94.7%
Playoff Plus/MinusHenrik Zetterberg
94.7%
Playoff Goalie WinsDominik Hašek
94.7%
Category Red Wings % Correct
Playoff Goals Against AverageDominik Hašek
94.7%
Playoff GamesSergei Fedorov
93.3%
Playoff GoalsSergei Fedorov
93.3%
Playoff AssistsSergei Fedorov
93.3%
Playoff PointsSergei Fedorov
93.3%
Playoff Plus/MinusSergei Fedorov
93.3%
Playoff Goalie WinsTerry Sawchuk
88%
Playoff Goalie WinsJimmy Howard
88%
Playoff Goals Against AverageTerry Sawchuk
88%
Playoff Plus/MinusBrendan Shanahan
86.7%
Playoff AssistsAlex Delvecchio
85.3%
Playoff PointsAlex Delvecchio
85.3%
Playoff GamesKris Draper
84%
Playoff GoalsTed Lindsay
84%
Playoff AssistsTed Lindsay
84%
Playoff PointsTed Lindsay
84%
Playoff Penalty MinutesTed Lindsay
84%
Playoff Penalty MinutesKris Draper
84%
Playoff GamesTomas Holmström
82.7%
Playoff GoalsTomas Holmström
82.7%
Playoff AssistsTomas Holmström
82.7%
Playoff PointsTomas Holmström
82.7%
Playoff Plus/MinusTomas Holmström
82.7%
Playoff Penalty MinutesTomas Holmström
82.7%
Playoff Plus/MinusNiklas Kronwall & Daniel Cleary
78.7%
Playoff Goalie WinsMike Vernon
73.3%
Playoff Goals Against AverageMike Vernon
73.3%
Category Red Wings % Correct
Playoff GamesKirk Maltby
72%
Playoff Penalty MinutesKirk Maltby
72%
Playoff GoalsJohan Franzén
69.3%
Playoff PointsJohan Franzén
69.3%
Playoff Plus/MinusJohan Franzén
69.3%
Playoff GamesDarren McCarty
68%
Playoff Penalty MinutesDarren McCarty
68%
Playoff Penalty MinutesBob Probert
68%
Playoff GoalsVyacheslav Kozlov
66.7%
Playoff Goals Against AveragePetr Mrazek
66.7%
Playoff AssistsNorm Ullman
65.3%
Playoff Goals Against AverageCurtis Joseph
60%
Playoff Goals Against AverageManny Legace
57.3%
Playoff Penalty MinutesJoe Kocur
52%
Playoff Goalie WinsTim Cheveldae
48%
Playoff Goalie WinsGlen Hanlon & Normie Smith
46.7%
Playoff Plus/MinusLarry Murphy
44%
Playoff Goals Against AverageNormie Smith
42.7%
Playoff Goalie WinsRoger Crozier
41.3%
Playoff Goalie WinsHarry Lumley
34.7%
Playoff Goals Against AverageHarry Lumley
34.7%
Playoff Penalty MinutesMartin Lapointe
30.7%
Playoff Penalty MinutesGerald Gallant
28%
Playoff Goalie WinsGreg Stefan
24%
Playoff Plus/MinusBrad Stuart
21.3%
Playoff Goals Against AverageTiny Thompson
17.3%
Playoff Goalie WinsJohnny Mowers
9.3%

You're not logged in!

Compare scores with friends on all Sporcle quizzes.
OR
Log In

Show Comments

Extras

Top Quizzes Today


Score Distribution

Your Account Isn't Verified!

In order to create a playlist on Sporcle, you need to verify the email address you used during registration. Go to your Sporcle Settings to finish the process.

Report this User

Report this user for behavior that violates our Community Guidelines.

Details: